Kerala Bashasahithya Charithram Part III (Record no. 12862)

MARC details
000 -LEADER
fixed length control field 00439nam a2200145Ia 4500
008 - FIXED-LENGTH DATA ELEMENTS--GENERAL INFORMATION
fixed length control field 211109s9999||||xx |||||||||||||| ||und||
082 ## - DEWEY DECIMAL CLASSIFICATION NUMBER
Classification number 417.7
Item number NAR-K
100 ## - MAIN ENTRY--PERSONAL NAME
Personal name Narayana Panicker, R
245 #0 - TITLE STATEMENT
Title Kerala Bashasahithya Charithram Part III
260 ## - PUBLICATION, DISTRIBUTION, ETC.
Name of publisher, distributor, etc. V V b D
Place of publication, distribution, etc. Thiruvananthapuram
Date of publication, distribution, etc. 1916
300 ## - PHYSICAL DESCRIPTION
Extent 348p.
630 ## - SUBJECT ADDED ENTRY--UNIFORM TITLE
General subdivision General Stack
650 ## - SUBJECT ADDED ENTRY--TOPICAL TERM
Topical term or geographic name entry element Language
942 ## - ADDED ENTRY ELEMENTS (KOHA)
Koha item type BOOK
650 ## - SUBJECT ADDED ENTRY--TOPICAL TERM
Form subdivision Malayalam LanguageHISTORY OF MALAYALAM LANGUAGE
General subdivision Malayalam
Holdings
Withdrawn status Lost status Damaged status Not for loan Home library Current library Date acquired Cost, normal purchase price Total Checkouts Full call number Barcode Shelving location Date last seen Price effective from Koha item type
        SB LIBRARY SB LIBRARY 09/11/2021 100.00   417.7 NAR-K 00013447 GENERAL STACK 09/11/2021 09/11/2021 BOOK

Powered by Koha